| 000 | 00885nam a2200205 a 4500 | ||
|---|---|---|---|
| 005 | 20240924071449.0 | ||
| 008 | 991125s1986 mx 000 0 spa u | ||
| 035 | _aUPN01000048254 | ||
| 049 | _aCG | ||
| 050 | 4 |
_aLB1157 _bF4.6 |
|
| 100 | 1 | _aFeregrino Aguila, María Concepción | |
| 245 | 1 | 0 |
_aPropuesta de una metodología de administración para la creación de un sistema abierto de enseñanza para la capacitación y la actualización de personal docente del nivel preescolar / _cMa. Concepción Feregrino Aguila. |
| 260 |
_aMéxico : _bM. C. Feregrino Aguila, _c1986. |
||
| 300 | _a44 h. | ||
| 502 | _aTesina (Lic. en Pedagogía) -- Universidad Nacional Autónoma de México. Facultad de Filosofía y Letras. Colegio de Pedagogía, 1986 | ||
| 650 | 4 |
_aMaestros _xFormación profesional _9804 |
|
| 650 | 4 |
_aEducación preescolar _91517 |
|
| 905 | _aLibro | ||
| 999 |
_c48254 _d48254 |
||